Normal view MARC view
  • González, Ignacio

Entry Nombre Personal

Number of records used in: 1

001 - NUMERO DE CONTROL

  • campo de control: 44680

003 - IDENTIFICADOR DE NUMERO DE CONTROL

  • campo de control: UPN

005 - FECHA Y HORA DE LA ÜLTIMA TRANSACCIÓN

  • campo de control: 20220602173754.0

008 - DATOS DE LONGITUD FIJA

  • campo de control de longitud fija: 220602nn aczznaabn | a|a d

040 ## - FUENTE DE CATALOGACIÓN

  • Agencia original de catalogación: MX-MxUPN

100 1# - ENCABEZAMIENTO - NOMBRE PERSONAL

  • Nombre personal: González, Ignacio

670 ## - FUENTE EN LA QUE SE LOCALIZARON DATOS

  • Cita de la fuente: Educación de adultos, 1986:
  • Información localizada: portada (Ignacio González)

902 ## - CATALOGADOR

  • Catalogador: VAGG/020622